000 00696nam a2200253Ia 4500
003 OSt
005 20221007110227.0
006 a|||||r|||| 00| 0
007 ta
008 221006b |||||||| |||| 00| 0 eng d
024 _a20,648
037 _cTextual
040 _aLCO
_cLCO
_beng
041 _2eng
_aeng
082 _aZ1,218, K3
100 _aMcdougal Myres S.
_9120067
245 0 _aLaw and Public Order in Space
260 _aNew
_bHaven Yale University Press U.S.A.
_c1963
300 _a1144
650 _aSPACE LAW
_9690559
700 _a Lasswell Harold D.
942 _hZ1,218, K3
_cTEXL
999 _c1190211
_d1190211